009410000a220008500045001000028000002450041000283000035000695200693001047730058007971 aDe Freitas Faria, Jacir10aLa Relectura de la Torá en Jesús aNum. 40 (2001), Páginas 9-18 aEl objetivo de este artículo es releer a Jesús a la luz de la Torá. Los evangelios con sus elementos simbólicos serán considerados como indicadores de la relectura que las primeras comunidades cristianas hicieron de Jesús. La Torá pasa a ser Torá-Jesús. El judaísmo continúa judaísmo. Y el cristianismo continúa su camino, sin olvidar sus orígenes judíos. Un camino no invalida al otro, por el contrario, se complementan. Las comunidades de los evangelios, siguiendo la tradición judeo-farisea, nos dejaron, en imágenes y símbolos judíos, el rostro de Jesús judío, fiel seguidor de la Torá, siempre actual y provocador de las nuevas relecturas.0 tRevista de Interpretación Bíblica Latinoamericana